[Event "XXIV European Club Cup"]
[Site "Kallithea GRE"]
[Date "2008.10.23"]
[Round "7.3"]
[White "Webb, Laurence E."]
[Black "Sedina, Elena"]
[Result "0-1"]
[WhiteElo "2347"]
[BlackElo "2365"]
[PlyCount "90"]
[EventDate "2008.10.17"]

1. e4 e6 2. d4 d5 3. e5 c5 4. c3 Nc6 5. Nf3 Bd7 6. Be2 Nge7 7. Na3 cxd4 8. cxd4
Nf5 9. Nc2 Nb4 10. Nxb4 Bxb4+ 11. Bd2 Qb6 12. Bxb4 Qxb4+ 13. Qd2 a5 14. a3
Qxd2+ 15. Kxd2 Ne7 16. Rac1 Nc6 17. b3 Ke7 18. Rc3 h6 19. Rhc1 Rhc8 20. Ke3 f6
21. h4 Rf8 22. g3 Rad8 23. Rd1 Rc8 24. Rdc1 Rcd8 25. exf6+ gxf6 26. Bb5 Kd6 27.
Bxc6 Bxc6 28. Kd2 e5 29. Re1 Rde8 30. Rce3 a4 31. b4 Bb5 32. Rc1 Bc4 33. h5 Rg8
34. Nh4 Rg5 35. Rf3 exd4 36. Rxf6+ Kd7 37. Rf7+ Kd8 38. Nf3 Re2+ 39. Kd1 d3 40.
Rxc4 dxc4 41. Nxg5 c3 42. Rf8+ Kc7 43. Rf7+ Kb6 44. Rf6+ Ka7 45. Nf3 Ra2 0-1

[Event "XXIV European Club Cup"]
[Site "Kallithea GRE"]
[Date "2008.10.23"]
[Round "7.4"]
[White "Corvi, Marco"]
[Black "Rajnak, Daniel"]
[Result "0-1"]
[WhiteElo "2343"]
[BlackElo "2198"]
[PlyCount "136"]
[EventDate "2008.10.17"]

1. c4 e6 2. Nf3 d5 3. g3 Nf6 4. Bg2 Be7 5. O-O O-O 6. b3 d4 7. e3 dxe3 8. fxe3
c5 9. Bb2 Nbd7 10. Nc3 Rb8 11. d4 cxd4 12. exd4 b6 13. Qe2 Bb7 14. Rad1 Re8 15.
Ne5 Qc8 16. Rde1 Rf8 17. Kh1 Bb4 18. a3 Bxc3 19. Bxc3 Nxe5 20. dxe5 Nd7 21. Rd1
Bxg2+ 22. Qxg2 Nc5 23. Bb4 a5 24. Bxc5 Qxc5 25. Qb2 Rbd8 26. a4 Qe3 27. Rde1
Qh6 28. Rf4 Rd3 29. Kg2 Rfd8 30. Qf2 Qh5 31. Rh4 Qg6 32. Re2 Rxb3 33. c5 bxc5
34. Qxc5 Qd3 35. Qc2 Qf3+ 36. Kh3 Qf1+ 37. Rg2 Rbd3 38. Qf2 Qxf2 39. Rxf2 R8d4
40. Rhf4 Rxf4 41. Rxf4 g5 42. Rc4 Rd5 43. Kg4 Rxe5 44. Kh5 Kg7 45. Rc7 h6 46.
Ra7 Rd5 47. Ra6 Rd2 48. Rxa5 Rxh2+ 49. Kg4 f5+ 50. Kf3 g4+ 51. Kf4 Kf6 52. Ke3
Rg2 53. Ra8 Rxg3+ 54. Kf2 Ra3 55. Rh8 Kg5 56. Rg8+ Kf4 57. Rg6 e5 58. Rxh6 Rxa4
59. Rb6 Ra2+ 60. Kg1 e4 61. Rb1 g3 62. Rf1+ Kg4 63. Rb1 f4 64. Rc1 f3 65. Rf1
e3 66. Rb1 Rg2+ 67. Kh1 Rh2+ 68. Kg1 f2+ 0-1

[Event "XXIV European Club Cup"]
[Site "Kallithea GRE"]
[Date "2008.10.23"]
[Round "7.4"]
[White "D'Amore, Carlo"]
[Black "Frindt, Kornel"]
[Result "1-0"]
[WhiteElo "2481"]
[BlackElo "2151"]
[PlyCount "85"]
[EventDate "2008.10.17"]

1. Nf3 Nf6 2. g3 g6 3. Bg2 Bg7 4. d4 d6 5. O-O O-O 6. b3 c5 7. c4 Na6 8. Bb2
Ne4 9. Qc1 cxd4 10. Nxd4 f5 11. Bxe4 fxe4 12. Qe3 Qb6 13. Rd1 Nb4 14. Rd2 Bh3
15. Nc3 Rf7 16. Nxe4 Raf8 17. f3 e5 18. Nc2 Nxc2 19. Qxb6 axb6 20. Rxc2 Bf5 21.
Rd1 Bxe4 22. fxe4 Bh6 23. Bc1 Kg7 24. Bxh6+ Kxh6 25. Rcd2 Rf2 26. Rxd6 Rxe2 27.
R1d2 Rff2 28. Rxe2 Rxe2 29. a4 Kg5 30. Rxb6 Kg4 31. Rxb7 Kf3 32. Rf7+ Ke3 33.
a5 Rb2 34. c5 Kxe4 35. c6 Rc2 36. c7 Rc1+ 37. Kf2 Rc2+ 38. Kf1 Ke3 39. a6 g5
40. a7 g4 41. a8=Q Rc1+ 42. Kg2 Rc2+ 43. Kg1 1-0

[Event "XXIV European Club Cup"]
[Site "Kallithea GRE"]
[Date "2008.10.23"]
[Round "7.4"]
[White "Mantovani, Renzo"]
[Black "Eames, Robert S."]
[Result "0-1"]
[WhiteElo "2359"]
[BlackElo "2329"]
[PlyCount "88"]
[EventDate "2008.10.17"]

1. d4 Nf6 2. c3 e6 3. Bg5 h6 4. Bh4 d6 5. Nd2 g5 6. Bg3 Nh5 7. e4 Nxg3 8. hxg3
Bg7 9. f4 Nd7 10. e5 Qe7 11. Bd3 a6 12. Qg4 dxe5 13. fxe5 b5 14. Qf3 Rb8 15.
Ne2 c5 16. Ne4 Bb7 17. O-O O-O 18. Nf6+ Kh8 19. Qh5 cxd4 20. cxd4 Rbd8 21. Ng4
f5 22. exf6 Nxf6 23. Nxf6 Rxf6 24. Rxf6 Bxf6 25. Qxh6+ Kg8 26. Rf1 Rf8 27. Rxf6
Rxf6 28. Qxg5+ Qg7 29. Qe5 Bd5 30. Nf4 Rf7 31. Qb8+ Rf8 32. Qd6 Qxd4+ 33. Kh2
Rxf4 34. gxf4 Qxd3 35. Qd8+ Kf7 36. Qd7+ Kg6 37. Qe8+ Kf5 38. Qf7+ Ke4 39. Qg6+
Ke3 40. Qg3+ Ke2 41. Qg4+ Kd2 42. a3 Kc1 43. b4 Kb2 44. Qg7+ Qc3 0-1

[Event "XXIV European Club Cup"]
[Site "Kallithea GRE"]
[Date "2008.10.23"]
[Round "7.5"]
[White "Duncan, Christopher R."]
[Black "Aranovitch, Emiliano"]
[Result "1/2-1/2"]
[WhiteElo "2294"]
[BlackElo "2384"]
[PlyCount "71"]
[EventDate "2008.10.17"]

1. Nf3 Nf6 2. c4 c5 3. Nc3 g6 4. e4 d6 5. d4 cxd4 6. Nxd4 Nc6 7. Be2 Nxd4 8.
Qxd4 Bg7 9. Be3 O-O 10. Qd2 Be6 11. O-O Qa5 12. Rab1 Rfc8 13. b3 a6 14. f3 Rc6
15. Rfc1 Qd8 16. Nd5 Nd7 17. Bg5 Bxd5 18. exd5 Rcc8 19. Bf1 b5 20. cxb5 Rxc1
21. Rxc1 axb5 22. b4 Bf6 23. Be3 Qb8 24. Qe2 Ne5 25. Qxb5 Qxb5 26. Bxb5 Rxa2
27. Bc6 Rb2 28. b5 Nd3 29. Rd1 Nc5 30. Rd2 Rb1+ 31. Kf2 g5 32. g4 Kg7 33. Ra2
h6 34. Kg2 Be5 35. Rc2 Nd3 36. Rd2 1/2-1/2

[Event "XXIV European Club Cup"]
[Site "Kallithea GRE"]
[Date "2008.10.23"]
[Round "7.5"]
[White "Treybal, Dusan"]
[Black "Ortega, Lexy"]
[Result "0-1"]
[WhiteElo "2173"]
[BlackElo "2442"]
[PlyCount "42"]
[EventDate "2008.10.17"]

1. e4 c5 2. Nf3 e6 3. d4 cxd4 4. Nxd4 a6 5. Bd3 Nf6 6. O-O d6 7. f4 g6 8. Nf3
Nc6 9. Nc3 Bg7 10. Qe1 O-O 11. a3 b5 12. f5 Ng4 13. Kh1 Nce5 14. Nxe5 Nxe5 15.
fxg6 fxg6 16. Rxf8+ Qxf8 17. Be3 Bb7 18. Qe2 Rc8 19. Rf1 Qe7 20. Bd4 Qh4 21.
Qf2 Qxf2 0-1

[Event "XXVII Open Citta' di Cologno"]
[Site "Cologno Monzese ITA"]
[Date "2008.10.17"]
[Round "1"]
[White "Barberi, Alessandro"]
[Black "Borgni, Fiorenzo"]
[Result "1-0"]
[WhiteElo "2156"]
[BlackElo "1637"]
[PlyCount "33"]
[EventDate "2008.10.17"]

1. d4 d5 2. Nf3 Nc6 3. e3 Bf5 4. c4 dxc4 5. Bxc4 e5 6. dxe5 Qxd1+ 7. Kxd1 Rd8+
8. Ke2 Bc5 9. Bd2 Bd3+ 10. Bxd3 Nge7 11. Rd1 Nd5 12. a3 O-O 13. b4 Be7 14. Nc3
Nb6 15. Rac1 Rd7 16. Bf5 Rdd8 17. Nb5 1-0

[Event "XXVII Open Citta' di Cologno"]
[Site "Cologno Monzese ITA"]
[Date "2008.10.17"]
[Round "1"]
[White "Bianchi, Paolo"]
[Black "Nicolo', Filippo"]
[Result "1/2-1/2"]
[WhiteElo "1604"]
[BlackElo "2094"]
[PlyCount "38"]
[EventDate "2008.10.17"]

1. d4 d6 2. Nf3 f5 3. e3 Nf6 4. Bd3 g6 5. Nbd2 d5 6. b3 Bg7 7. Bb2 O-O 8. c4 c6
9. O-O Ne4 10. Ne5 Be6 11. f3 Nxd2 12. Qxd2 Nd7 13. Nxd7 Qxd7 14. cxd5 cxd5 15.
Rac1 Rac8 16. Rxc8 Rxc8 17. Rc1 Bh6 18. f4 Kf7 19. Rc3 Bg7 1/2-1/2

[Event "XXVII Open Citta' di Cologno"]
[Site "Cologno Monzese ITA"]
[Date "2008.10.17"]
[Round "1"]
[White "De Angelis, Lorenzo"]
[Black "Borgni, Cristiano"]
[Result "0-1"]
[WhiteElo "1505"]
[BlackElo "1826"]
[PlyCount "122"]
[EventDate "2008.10.17"]

1. e4 e5 2. Nf3 Nc6 3. d4 exd4 4. Nxd4 d5 5. Nxc6 bxc6 6. exd5 cxd5 7. Bb5+ Bd7
8. Qxd5 Qe7+ 9. Be3 Rb8 10. Bxd7+ Qxd7 11. Qxd7+ Kxd7 12. b3 Nf6 13. O-O a6 14.
Nd2 Bd6 15. Rad1 Ng4 16. Ne4 Nxe3 17. fxe3 f6 18. Nxd6 cxd6 19. Rd2 Rhe8 20.
Kf2 Re6 21. Rfd1 Rc8 22. c4 Rc5 23. Rd5 Rc6 24. c5 Kc7 25. cxd6+ Kd7 26. R1d2
Rc3 27. Ra5 Rc6 28. Rad5 Rc3 29. R5d3 Rc1 30. a3 Ra1 31. a4 Rb1 32. Rc2 Rxd6
33. Rxd6+ Kxd6 34. Rc3 a5 35. h3 h5 36. e4 g5 37. g3 Ke5 38. h4 gxh4 39. Rc5+
Kxe4 40. Rxh5 hxg3+ 41. Kxg3 Rxb3+ 42. Kf2 f5 43. Rh4+ f4 44. Rh5 Rb2+ 45. Ke1
Kf3 46. Rxa5 Rb1+ 47. Kd2 Kf2 48. Re5 f3 49. a5 Rb2+ 50. Kd3 Kf1 51. a6 Ra2 52.
Re6 f2 53. Rf6 Ke1 54. Re6+ Kd1 55. Rf6 Ra3+ 56. Kc4 Ke2 57. Re6+ Re3 58. a7
Rxe6 59. a8=Q f1=Q 60. Qd5 Qc1+ 61. Kb5 Qb2+ 0-1

[Event "XXVII Open Citta' di Cologno"]
[Site "Cologno Monzese ITA"]
[Date "2008.10.17"]
[Round "1"]
[White "Delle Fave, Fabio"]
[Black "Epitome, Nando"]
[Result "1-0"]
[WhiteElo "1761"]
[BlackElo "1470"]
[PlyCount "81"]
[EventDate "2008.10.17"]

1. e4 c5 2. Nf3 d6 3. d4 cxd4 4. Nxd4 Nf6 5. Bd3 e6 6. c4 Be7 7. Nc3 a6 8. Be3
Nbd7 9. O-O O-O 10. Qc2 Qc7 11. Rac1 b6 12. f3 Bb7 13. b3 Rac8 14. Rfd1 Rfe8
15. Qf2 Bf8 16. Na4 Nc5 17. Nxc5 dxc5 18. Ne2 Bd6 19. Qh4 Be7 20. Qg3 Bd6 21.
Qh4 Be7 22. Qh3 g6 23. Bg5 Rcd8 24. Qh4 Kg7 25. Qh6+ Kg8 26. Bf4 e5 27. Bg5 Rd6
28. Nc3 Red8 29. Nd5 Nxd5 30. exd5 Bf8 31. Bxd8 Qxd8 32. Qe3 Bg7 33. f4 Qe7 34.
Re1 f6 35. fxe5 fxe5 36. Rf1 Rd8 37. Rc2 Re8 38. Re2 Qd6 39. Qe4 b5 40. cxb5
Bxd5 41. Qxd5+ 1-0

[Event "XXVII Open Citta' di Cologno"]
[Site "Cologno Monzese ITA"]
[Date "2008.10.17"]
[Round "1"]
[White "Galli, Giuliano"]
[Black "Rinaldo, Andrea"]
[Result "0-1"]
[WhiteElo "1445"]
[BlackElo "1709"]
[PlyCount "104"]
[EventDate "2008.10.17"]

1. d4 Nf6 2. c4 e6 3. Nc3 d5 4. e3 c6 5. Nf3 Bd6 6. cxd5 exd5 7. Be2 O-O 8. a3
Nbd7 9. b4 Re8 10. Bb2 Ne4 11. Nxe4 dxe4 12. Ng1 Qg5 13. g3 Nb6 14. Qc2 Bd7 15.
Bf1 a5 16. bxa5 Qxa5+ 17. Bc3 Qa4 18. Qxa4 Rxa4 19. Bh3 Bxh3 20. Nxh3 Nd5 21.
Bd2 Rea8 22. O-O Rxa3 23. Rab1 b5 24. Rfc1 Ne7 25. Ng5 f5 26. Ne6 h6 27. Nc5
Bxc5 28. Rxc5 Ra1 29. Rbc1 Rxc1+ 30. Rxc1 Ra4 31. Kf1 Kf7 32. Ke2 Rc4 33. Rxc4
bxc4 34. Bb4 Nd5 35. Bc5 Ke6 36. f3 Nc7 37. fxe4 fxe4 38. Ba3 c3 39. Kd1 Kd5
40. Kc2 Kc4 41. Bf8 Ne6 42. Bd6 g6 43. g4 h5 44. gxh5 gxh5 45. h4 Ng7 46. Bg3
Nf5 47. Bf2 Nd6 48. Bg1 Nb5 49. Kd1 Kd3 50. Bf2 Na3 51. Kc1 Nc4 52. Bg1 Nxe3
0-1

[Event "XXVII Open Citta' di Cologno"]
[Site "Cologno Monzese ITA"]
[Date "2008.10.17"]
[Round "1"]
[White "Moreschi, Mauro"]
[Black "Fornari, Sergio"]
[Result "1-0"]
[WhiteElo "1866"]
[BlackElo "1526"]
[PlyCount "117"]
[EventDate "2008.10.17"]

1. e4 g6 2. d4 Bg7 3. Nc3 c6 4. Be3 d6 5. Be2 Nf6 6. Qd2 O-O 7. Bh6 e5 8. Bxg7
Kxg7 9. O-O-O Ng4 10. Bxg4 Bxg4 11. f3 Bd7 12. h4 h6 13. dxe5 dxe5 14. f4 exf4
15. Qxf4 Qe7 16. Qc7 Qc5 17. Qxb7 Qe3+ 18. Kb1 Bg4 19. Nf3 Nd7 20. Rxd7 Bxd7
21. Qxd7 Rfd8 22. Qe7 Re8 23. Qd6 Rad8 24. Qg3 Rb8 25. Qe1 Qb6 26. Nd1 Red8 27.
Qc3+ Kg8 28. Ne5 Rb7 29. Kc1 c5 30. Ne3 Qb4 31. Qxb4 Rxb4 32. Nc6 Rxe4 33. Nxd8
Rxe3 34. Rh3 Re8 35. Nb7 c4 36. Kd2 Rb8 37. Na5 Rxb2 38. a3 Rb1 39. Nxc4 Rg1
40. Rh2 Kg7 41. Kc3 f6 42. Nd6 f5 43. Nb5 a6 44. Nd4 Kf6 45. Nc6 Rb1 46. Nb4 a5
47. Nd3 Rb8 48. g3 Rc8+ 49. Kb3 Rd8 50. Re2 Rd4 51. Nf4 Re4 52. Rxe4 fxe4 53.
Kc4 g5 54. hxg5+ hxg5 55. Ng2 Kf5 56. Kd4 Kg4 57. Kxe4 Kxg3 58. Ne3 Kf2 59. c4
1-0

[Event "XXVII Open Citta' di Cologno"]
[Site "Cologno Monzese ITA"]
[Date "2008.10.17"]
[Round "1"]
[White "Petetta, Roberto"]
[Black "Montagner, Enzo"]
[Result "1-0"]
[WhiteElo "1656"]
[BlackElo "1441"]
[PlyCount "127"]
[EventDate "2008.10.17"]

1. e4 c5 2. Nf3 Nc6 3. d4 cxd4 4. Nxd4 e6 5. Be3 Nge7 6. Be2 a6 7. O-O g6 8. c3
Bg7 9. Nb3 d6 10. N1d2 d5 11. Qc2 O-O 12. Rad1 b6 13. Nf3 Qc7 14. Bg5 Bb7 15.
exd5 Nxd5 16. Rd2 f6 17. Bh4 Bh6 18. Bg3 Qe7 19. Rxd5 exd5 20. Nfd4 Nxd4 21.
Nxd4 f5 22. f3 Be3+ 23. Bf2 Bxf2+ 24. Rxf2 Rae8 25. f4 Qd6 26. g3 Re7 27. Nf3
Rfe8 28. Ne5 b5 29. Bf3 Qb6 30. Qd2 Qd6 31. Qd4 a5 32. Rd2 Rd8 33. Kf2 Rc7 34.
a3 Qc5 35. Ke3 Qxd4+ 36. Rxd4 Kg7 37. Kd2 Kf6 38. Be2 Ba6 39. a4 Bb7 40. Bxb5
g5 41. Nc4 gxf4 42. gxf4 Rg8 43. Nxa5 Rg2+ 44. Kc1 Rxh2 45. Nxb7 Rxb7 46. Rxd5
Re7 47. Rd6+ Kg7 48. Rd2 Rh4 49. b4 Rxf4 50. a5 Rc7 51. Kb2 h5 52. a6 Rf3 53.
Rd7+ Rxd7 54. Bxd7 Rf2+ 55. Kb3 Rf1 56. b5 Kf6 57. Kc4 Ra1 58. Kc5 h4 59. Kb6
h3 60. Bc6 h2 61. a7 h1=Q 62. Bxh1 f4 63. a8=Q Rxa8 64. Bxa8 1-0

[Event "XXVII Open Citta' di Cologno"]
[Site "Cologno Monzese ITA"]
[Date "2008.10.21"]
[Round "2"]
[White "Borgni, Cristiano"]
[Black "Moreschi, Mauro"]
[Result "1/2-1/2"]
[WhiteElo "1826"]
[BlackElo "1866"]
[PlyCount "69"]
[EventDate "2008.10.17"]

1. e4 d6 2. d4 Nf6 3. Nc3 e5 4. dxe5 dxe5 5. Qxd8+ Kxd8 6. Bg5 Be6 7. O-O-O+
Bd6 8. Nf3 Ke7 9. Nd5+ Bxd5 10. Rxd5 Nbd7 11. Rd2 h6 12. Bxf6+ Nxf6 13. Bd3 Nh7
14. Re1 Ng5 15. Nh4 g6 16. Bc4 Bc5 17. a3 Rhd8 18. Bd3 Rd6 19. g3 Rf6 20. f4
Nh3 21. fxe5 Rf2 22. Rxf2 Nxf2 23. Bc4 Ng4 24. e6 Ne5 25. Bd5 c6 26. Bb3 fxe6
27. Rf1 Rd8 28. Ng2 Ng4 29. Nf4 Be3+ 30. Kb1 Bxf4 31. Rxf4 Nxh2 32. Rh4 Nf1 33.
Rxh6 Nd2+ 34. Ka2 Nxb3 35. Kxb3 1/2-1/2

[Event "XXVII Open Citta' di Cologno"]
[Site "Cologno Monzese ITA"]
[Date "2008.10.21"]
[Round "2"]
[White "Epitome, Nando"]
[Black "De Angelis, Lorenzo"]
[Result "0-1"]
[WhiteElo "1470"]
[BlackElo "1505"]
[PlyCount "38"]
[EventDate "2008.10.17"]

1. d4 d5 2. c4 c6 3. Nc3 e6 4. Nf3 Bb4 5. Bd2 f5 6. e3 Nf6 7. a3 Ba5 8. b4 Bc7
9. c5 O-O 10. Bd3 Nbd7 11. O-O Ne4 12. b5 e5 13. Bxe4 fxe4 14. Ne1 Nf6 15. a4
exd4 16. exd4 Bxh2+ 17. Kxh2 Ng4+ 18. Kg3 Qc7+ 19. f4 exf3+ 0-1

[Event "XXVII Open Citta' di Cologno"]
[Site "Cologno Monzese ITA"]
[Date "2008.10.21"]
[Round "2"]
[White "Fornari, Sergio"]
[Black "Bianchi, Paolo"]
[Result "0-1"]
[WhiteElo "1526"]
[BlackElo "1604"]
[PlyCount "38"]
[EventDate "2008.10.17"]

1. d4 g6 2. Nf3 Bg7 3. Bg5 Nf6 4. Nbd2 O-O 5. c3 d5 6. e3 Bg4 7. Bd3 c6 8. h3
Bxf3 9. Nxf3 Nbd7 10. O-O Re8 11. Qc2 e5 12. e4 dxe4 13. Bxe4 exd4 14. Nxd4
Rxe4 15. Qxe4 Nxe4 16. Bxd8 Rxd8 17. Rad1 Nb6 18. Rfe1 Ng5 19. Re7 c5 0-1

[Event "XXVII Open Citta' di Cologno"]
[Site "Cologno Monzese ITA"]
[Date "2008.10.21"]
[Round "2"]
[White "Montagner, Enzo"]
[Black "Galli, Giuliano"]
[Result "0-1"]
[WhiteElo "1441"]
[BlackElo "1445"]
[PlyCount "95"]
[EventDate "2008.10.17"]

1. d4 Nf6 2. c4 e6 3. Nc3 d5 4. Bg5 c6 5. cxd5 exd5 6. e3 Bd6 7. Bd3 O-O 8. Nf3
Nbd7 9. e4 dxe4 10. Nxe4 Qa5+ 11. Bd2 Bb4 12. O-O Nxe4 13. Bxe4 Nf6 14. Bd3 Bg4
15. Bxb4 Qxb4 16. b3 Bxf3 17. Qxf3 Qxd4 18. Rfd1 Qb6 19. g4 h6 20. Rac1 Rfe8
21. Qf5 Rad8 22. Bc4 Rxd1+ 23. Rxd1 Rd8 24. Re1 Qc7 25. g5 hxg5 26. Qxg5 Re8
27. Rf1 Qe5 28. f4 Qd4+ 29. Kh1 Qe4+ 30. Kg1 Nd5 31. Bxd5 Qxd5 32. Qxd5 cxd5
33. Rf2 Kf8 34. Kg2 Ke7 35. Kg3 Kd6 36. Kg4 d4 37. f5 Kd5 38. Kg5 d3 39. h4 Kd4
40. h5 Re2 41. Rf4+ Re4 42. Rf2 Ke3 43. f6 Re5+ 44. Rf5 gxf6+ 45. Kxf6 Rxf5+
46. Kxf5 d2 47. h6 d1=Q 48. Kf6 0-1

[Event "XXVII Open Citta' di Cologno"]
[Site "Cologno Monzese ITA"]
[Date "2008.10.21"]
[Round "2"]
[White "Nicolo', Filippo"]
[Black "Borgni, Fiorenzo"]
[Result "1-0"]
[WhiteElo "2094"]
[BlackElo "1637"]
[PlyCount "35"]
[EventDate "2008.10.17"]

1. e4 Nc6 2. Nc3 e5 3. Bc4 Bc5 4. Qg4 Qf6 5. Nd5 Qxf2+ 6. Kd1 Bd6 7. Nh3 Qd4 8.
d3 g6 9. c3 Qc5 10. b4 Nxb4 11. cxb4 Qd4 12. Rb1 c6 13. Be3 h5 14. Qf3 cxd5 15.
Bxd4 exd4 16. Bxd5 Nh6 17. Qf6 O-O 18. Qxg6+ 1-0

[Event "XXVII Open Citta' di Cologno"]
[Site "Cologno Monzese ITA"]
[Date "2008.10.21"]
[Round "2"]
[White "Petetta, Roberto"]
[Black "Delle Fave, Fabio"]
[Result "0-1"]
[WhiteElo "1656"]
[BlackElo "1761"]
[PlyCount "86"]
[EventDate "2008.10.17"]

1. e4 c6 2. f4 d5 3. exd5 cxd5 4. Nf3 Nc6 5. d4 Nf6 6. c3 e6 7. Bd3 Bd6 8. Qc2
Qc7 9. Ne5 Bd7 10. Nd2 Rc8 11. Ndf3 Nb4 12. Qe2 Nxd3+ 13. Qxd3 h6 14. O-O a6
15. a4 Qa5 16. Nxf7 Kxf7 17. Bd2 Ne4 18. Ne5+ Bxe5 19. fxe5+ Ke7 20. b4 Qc7 21.
Rf3 Rcf8 22. Raf1 Bxa4 23. Rxf8 Rxf8 24. Rxf8 Kxf8 25. Qf3+ Qf7 26. Be1 Bb5 27.
h4 g5 28. Qxf7+ Kxf7 29. g3 Kg6 30. Kg2 Be2 31. Kg1 Kf5 32. Kh2 Kg4 33. Kg2 b5
34. Kh2 Bf3 35. Kg1 Nxg3 36. hxg5 hxg5 37. Kf2 Be4 38. Kg1 Kf3 39. Kh2 Nf1+ 40.
Kg1 Ke2 41. Bf2 Nd2 42. Bg3 Nb1 43. Kh2 Nxc3 0-1

[Event "XXVII Open Citta' di Cologno"]
[Site "Cologno Monzese ITA"]
[Date "2008.10.21"]
[Round "2"]
[White "Rinaldo, Andrea"]
[Black "Barberi, Alessandro"]
[Result "0-1"]
[WhiteElo "1709"]
[BlackElo "2156"]
[PlyCount "64"]
[EventDate "2008.10.17"]

1. Nf3 g6 2. g3 Bg7 3. Bg2 e5 4. d3 Ne7 5. c4 O-O 6. Nc3 d6 7. O-O h6 8. Bd2 c6
9. b4 Qc7 10. Rc1 f5 11. e3 Be6 12. Qe2 g5 13. h3 Nd7 14. Nd5 Nxd5 15. cxd5
Bxd5 16. e4 fxe4 17. dxe4 Be6 18. a4 g4 19. hxg4 Bxg4 20. Qd3 Rad8 21. Qb3+ Rf7
22. Nh4 Nf8 23. Bf3 Be6 24. Qe3 a6 25. Bh5 Rf6 26. f4 d5 27. exd5 Rxd5 28. Bc3
exf4 29. Qf3 Qb6+ 30. Kh1 Rd2 31. Rfe1 Bd5 32. Re4 fxg3 0-1

[Event "XXVII Open Citta' di Cologno"]
[Site "Cologno Monzese ITA"]
[Date "2008.10.24"]
[Round "3"]
[White "Barberi, Alessandro"]
[Black "Delle Fave, Fabio"]
[Result "1-0"]
[WhiteElo "2156"]
[BlackElo "1761"]
[PlyCount "67"]
[EventDate "2008.10.17"]

1. d4 Nf6 2. c4 e6 3. Nf3 Bb4+ 4. Nbd2 b6 5. a3 Be7 6. e3 Bb7 7. Bd3 d5 8. b3
Nbd7 9. Qc2 c5 10. Bb2 Qc7 11. O-O Bd6 12. e4 dxe4 13. Nxe4 Nxe4 14. Bxe4 Bxe4
15. Qxe4 Rc8 16. d5 O-O 17. dxe6 fxe6 18. Qxe6+ Kh8 19. Rad1 Rxf3 20. Rxd6 Nf8
21. Bxg7+ Qxg7 22. Qxc8 Rxb3 23. Rd7 Qg8 24. Rd8 Kg7 25. Qg4+ Kh8 26. Qf5 Kg7
27. Qe5+ Kf7 28. Qc7+ Kg6 29. Re1 Qf7 30. Qe5 Kh6 31. h4 Ng6 32. Qg5+ Kg7 33.
h5 h6 34. Qg4 1-0

[Event "XXVII Open Citta' di Cologno"]
[Site "Cologno Monzese ITA"]
[Date "2008.10.24"]
[Round "3"]
[White "Bianchi, Paolo"]
[Black "Borgni, Cristiano"]
[Result "1/2-1/2"]
[WhiteElo "1604"]
[BlackElo "1826"]
[PlyCount "41"]
[EventDate "2008.10.17"]

1. d4 e6 2. Nf3 Be7 3. e3 Nf6 4. Bd3 O-O 5. Nbd2 c5 6. c3 d5 7. O-O b6 8. e4
dxe4 9. Nxe4 Bb7 10. Qc2 Nbd7 11. Bg5 cxd4 12. Nxd4 h6 13. Bxf6 Nxf6 14. Nxf6+
Bxf6 15. Be4 Bd5 16. Nf3 Qc7 17. Bxd5 exd5 18. Rad1 Rad8 19. Qb3 Qc5 20. Rd3
Rfe8 21. Qd1 1/2-1/2

[Event "XXVII Open Citta' di Cologno"]
[Site "Cologno Monzese ITA"]
[Date "2008.10.24"]
[Round "3"]
[White "Borgni, Fiorenzo"]
[Black "Montagner, Enzo"]
[Result "0-1"]
[WhiteElo "1637"]
[BlackElo "1441"]
[PlyCount "114"]
[EventDate "2008.10.17"]

1. d4 d5 2. Bf4 Nf6 3. Nf3 Nbd7 4. Nbd2 c6 5. c4 e6 6. e4 dxe4 7. Ne5 Nb6 8. c5
Nbd5 9. Bg5 h6 10. Bh4 e3 11. Ne4 exf2+ 12. Bxf2 Nxe4 13. Qf3 Nef6 14. Bh4 Be7
15. Bd3 Qa5+ 16. Ke2 Qb4 17. Rab1 Qxd4 18. Bg3 Bxc5 19. Nc4 Qg4 20. Nd6+ Bxd6
21. Bxd6 Qxf3+ 22. Kxf3 Kd7 23. Be5 Ke7 24. Rhe1 Rd8 25. Rbd1 b6 26. Bc4 Bb7
27. g4 c5 28. Kg3 a6 29. a4 Bc6 30. b3 a5 31. Rd2 Nb4 32. Rf2 Ne4+ 33. Rxe4
Bxe4 34. Bxg7 Rd1 35. Bf6+ Kd7 36. Bc3 f5 37. Bb5+ Nc6 38. Be2 Rg1+ 39. Kf4 Rf8
40. Bg7 Rf7 41. Bxh6 Bd5 42. g5 Ne7 43. Bh5 Rh7 44. Rd2 Kd6 45. Ke3 e5 46. Bf3
Ke6 47. Bf8 Bxf3 48. Bxe7 Rxe7 49. Kxf3 Rxg5 50. h4 Rh5 51. Rh2 Rg7 52. Kf2 f4
53. Rh3 e4 54. Rh2 Ke5 55. Kf1 e3 56. Ke2 Ke4 57. Rh3 Rg2+ 0-1

[Event "XXVII Open Citta' di Cologno"]
[Site "Cologno Monzese ITA"]
[Date "2008.10.24"]
[Round "3"]
[White "De Angelis, Lorenzo"]
[Black "Rinaldo, Andrea"]
[Result "1-0"]
[WhiteElo "1505"]
[BlackElo "1709"]
[PlyCount "35"]
[EventDate "2008.10.17"]

1. c4 e5 2. Nc3 Nc6 3. g3 g6 4. Bg2 Bg7 5. d3 Nge7 6. Nf3 O-O 7. O-O h6 8. e3
d6 9. Qe2 Rb8 10. a3 Be6 11. Bd2 f5 12. Rad1 g5 13. h3 Qe8 14. Nh2 Qg6 15. b4
f4 16. b5 fxg3 17. fxg3 Bxc4 18. Be4 1-0

[Event "XXVII Open Citta' di Cologno"]
[Site "Cologno Monzese ITA"]
[Date "2008.10.24"]
[Round "3"]
[White "Fornari, Sergio"]
[Black "Epitome, Nando"]
[Result "0-1"]
[WhiteElo "1526"]
[BlackElo "1470"]
[PlyCount "84"]
[EventDate "2008.10.17"]

1. d4 d5 2. Nf3 e6 3. e3 Nf6 4. Bd3 Be7 5. Nbd2 Nbd7 6. O-O O-O 7. Re1 c5 8. c3
cxd4 9. exd4 a6 10. Nf1 b5 11. Qc2 Bb7 12. Bg5 Rc8 13. Ne5 h6 14. Nxd7 Qxd7 15.
Bh4 b4 16. Nd2 bxc3 17. bxc3 Nh5 18. Bxe7 Qxe7 19. g3 Rc7 20. Rab1 Rfc8 21. Rb3
a5 22. Bb5 Qd6 23. a4 Nf6 24. f3 Bc6 25. Reb1 Bxb5 26. Rxb5 Rxc3 27. Qb2 Qc7
28. Nf1 Rc2 29. Rb7 Qc4 30. Ne3 Rxb2 31. Nxc4 Rxb1+ 32. Rxb1 Rxc4 33. Ra1 Rxd4
34. Kf2 g5 35. Ke3 Rc4 36. Kd3 h5 37. Ra2 Kg7 38. Ke3 Kg6 39. Kd3 g4 40. f4 Ne4
41. Ke3 Kf5 42. Ke2 Nc3+ 0-1

[Event "XXVII Open Citta' di Cologno"]
[Site "Cologno Monzese ITA"]
[Date "2008.10.24"]
[Round "3"]
[White "Galli, Giuliano"]
[Black "Petetta, Roberto"]
[Result "1/2-1/2"]
[WhiteElo "1445"]
[BlackElo "1656"]
[PlyCount "119"]
[EventDate "2008.10.17"]

1. d4 d5 2. c4 e6 3. Nc3 Nf6 4. Bg5 Nbd7 5. cxd5 exd5 6. Nf3 c6 7. e3 Qa5 8. a3
Ne4 9. Qc1 Nxg5 10. Nxg5 Be7 11. Nf3 Nf6 12. Be2 Ne4 13. O-O Nxc3 14. Qxc3 Qxc3
15. bxc3 O-O 16. c4 Be6 17. c5 b6 18. Ne5 Rfc8 19. Nd3 Bf5 20. Rfc1 Bxd3 21.
Bxd3 Rab8 22. a4 bxc5 23. dxc5 Rb3 24. Bf5 Rc7 25. g3 h6 26. a5 Rb5 27. Rab1 g6
28. Rxb5 cxb5 29. Bd3 Rxc5 30. Rxc5 Bxc5 31. Bxb5 Kf8 32. Bc6 d4 33. exd4 Bxd4
34. Kf1 Ke7 35. a6 f6 36. g4 g5 37. h3 Ke6 38. Ke2 Ke5 39. Kf3 Bc5 40. Be4 Bxf2
41. Kxf2 Kxe4 42. Ke2 f5 43. gxf5 Kxf5 44. Kf3 h5 45. Kg3 Ke4 46. Kf2 Kf4 47.
Kg2 g4 48. h4 g3 49. Kh3 g2 50. Kxg2 Kg4 51. Kh2 Kxh4 52. Kg2 Kg4 53. Kh2 Kf4
54. Kh3 Ke4 55. Kh4 Kd4 56. Kxh5 Kc5 57. Kg5 Kb5 58. Kf5 Kxa6 59. Ke4 Kb5 60.
Kd3 1/2-1/2

[Event "XXVII Open Citta' di Cologno"]
[Site "Cologno Monzese ITA"]
[Date "2008.10.24"]
[Round "3"]
[White "Moreschi, Mauro"]
[Black "Nicolo', Filippo"]
[Result "1/2-1/2"]
[WhiteElo "1866"]
[BlackElo "2094"]
[PlyCount "67"]
[EventDate "2008.10.17"]

1. e4 g6 2. d4 Bg7 3. Nc3 d6 4. Be3 a6 5. Qd2 b5 6. a3 Nd7 7. Be2 Bb7 8. Bf3 h6
9. Nge2 e6 10. Nf4 Ne7 11. Bg4 e5 12. Bxd7+ Qxd7 13. dxe5 Bxe5 14. Bd4 Qg4 15.
h3 Qg5 16. g3 O-O 17. Nfe2 Qxd2+ 18. Kxd2 Bxd4 19. Nxd4 c5 20. Nb3 b4 21. axb4
cxb4 22. Na4 Rac8 23. c3 f5 24. f3 fxe4 25. fxe4 Bxe4 26. Rhe1 d5 27. Nbc5
bxc3+ 28. bxc3 Rf2+ 29. Re2 Rcf8 30. Rae1 Nc6 31. Nxe4 dxe4 32. Nc5 Ne5 33.
Rxf2 Rxf2+ 34. Ke3 1/2-1/2